Obchod - tvorca pracovných miest

Uložené v:
Podrobná bibliografia
Hlavný autor: Štofilová, Jana
Ďalší autori: Viestová, Kristína
Médium: Kapitola
Jazyk:Slovak
Tagy: Pridať tag
Žiadne tagy, Buďte prvý, kto otaguje tento záznam!

MARC

LEADER 00000nla$a2200000$$$4500
001 0068550
005 20221207105446.2
041 0 |a slo 
044 |a CZ 
245 1 0 |a Obchod - tvorca pracovných miest  |c Jana Štofilová, Kristína Viestová 
100 1 |a Štofilová, Jana 
700 1 |a Viestová, Kristína